F1 Constructors Champions - Statistics

General Stats
  • This quiz has been taken 34 times
  • The average score is 7 of 14
Answers on the Grid
Answers color-coded by a green-red scale on the quiz's grid according to % correct below.
Matra
Tyrrell
Ford
Cooper
Wolf
Brabham
Ferrari
Red Bull
Ligier
Hesketh
Audi
Benetton
Jordan
Williams
Renault
Lotus
Prost
Arrows
Shadow
Honda
Brawn
Vanwall
BRM
Mercedes
Toyota
Alfa Romeo
Jaguar
Marussia
Aston Martin
Life
Cadillac
BMW Sauber
British American Racing
Bugatti
Lola
Leyton House
Manor
Ensign
Larrousse
 
Answer Stats
Answer % Correct
Ferrari
71%
Red Bull
71%
Mercedes
65%
Renault
65%
Williams
65%
Benetton
53%
Brabham
53%
Tyrrell
53%
Brawn
47%
Lotus
47%
Cooper
41%
Matra
41%
Vanwall
29%
BRM
18%
No matching quizzes found
Score Distribution
Percent of People with Each Score
Percentile by Number Answered
Your Score History
You have not taken this quiz